[Event "Oregon Junior Closed (Championship)"]
[Site "Portland, OR"]
[Date "2025.12.07"]
[Round "4"]
[White "Lim, Hayul"]
[Black "Iyengar, Varun"]
[Result "1-0"]
[Annotator "Wilson Gibbins"]
[WhiteElo "2064"]
[BlackElo "2003"]
[WhiteFideId "-1"]
[BlackFideId "-1"]
[PlyCount "49"]
[GameId "2252557882178830"]
[EventDate "2025.12.05"]
[EventType "tourn"]
[EventRounds "5"]
[EventCountry "USA"]
[SourceVersionDate "2026.01.27"]

{[%evp 0,49,24,19,19,17,29,10,12,5,2,1,0,0,14,10,18,19,22,37,23,25,50,33,69,65,77,78,74,66,63,24,-8,31,27,40,70,50,91,73,106,116,72,80,234,428,406,482,576,573,687,591]} 1. Nf3 {After his round 1 experiment with 1.e4!? Hayul returns to his usual positional approach to the white openings.} Nf6 2. c4 e6 3. Nc3 d5 4. e3 Be7 5. b3 c5 6. cxd5 exd5 7. d4 O-O 8. Bb2 Nc6 9. Be2 b6 10. O-O Bb7 11. Rc1 cxd4 12. Nxd4 Nxd4 13. Qxd4 {White is close to an ideal position against Black's IQP. Black will need to develop activity quickly if he wants to avoid defending a buildup on the pawn on d5.} Bc5 14. Qf4 Bd6 15. Qh4 (15. Qf5) 15... Be5 {so far, so good. Black still has equality.} 16. Ba3 Re8 (16... Ne4 17. Be7 g5 $1 $11) 17. Bb5 Re6 (17... Bxc3 $5 18. Bxe8 (18. Rxc3 Re4) 18... d4 19. exd4 Qd5 20. Qh3 Bxd4) 18. Rfd1 (18. Ne2) 18... Rc8 19. Ne2 a6 20. Rxc8 Bxc8 21. Bd3 Rc6 $2 {Black misses a nice tactic} (21... Re8 $14 {defends the queen, which is critical, as you will soon see.}) 22. Bxh7+ $1 Kh8 23. Rxd5 $1 Bxh2+ (23... Qxd5 24. Be4+) (23... Qc7 24. Rxe5 Qxe5 25. Be4+ Kg8 26. Bxc6 Qa1+ 27. Nc1) 24. Qxh2 Qxd5 25. Be4+ 1-0

[Event "Oregon Junior Closed (Championship)"]
[Site "Portland, OR"]
[Date "2025.12.07"]
[Round "4"]
[White "Lewis, Kai"]
[Black "Tang, Austin"]
[Result "0-1"]
[Annotator "Wilson Gibbins"]
[WhiteElo "1947"]
[BlackElo "2172"]
[WhiteFideId "-1"]
[BlackFideId "-1"]
[PlyCount "48"]
[GameId "2252550752020636"]
[EventDate "2025.12.05"]
[EventType "tourn"]
[EventRounds "5"]
[EventCountry "USA"]
[SourceVersionDate "2026.01.27"]

{[%evp 0,48,10,19,0,14,-2,14,-8,9,-3,8,40,24,1,-18,-3,-14,-8,-13,0,-36,27,23,78,84,95,90,71,95,109,-27,-15,-34,-33,-41,-31,-56,65,-139,-38,-132,-257,-204,-238,-394,-662,-503,-651,-899,-1013]} 1. c4 e5 {Austin needs to win has last two games and hope Hayul can't maintain perfection. He probably would have preferred a Sicilian, but perhaps a reversed Sicilian is the next best thing.} 2. g3 c6 3. Nf3 e4 4. Nd4 Nf6 5. Nc3 Qb6 {This is a theoretical move and probably strongest. So much for teaching players not to bring their queen out too early.} 6. e3 {I would be nervous about the weak squares on d3 and f3, but this too is a theoretical move that is perfectly playable. The game is still roughly equal.} d5 7. d3 Bb4 {Black needs to pin the knight on c3 to prevent his center from crumbling, but if he has to exchange it for the knight it will be a small price to pay for the easy development he has in the resulting position.} 8. Bd2 Bg4 9. Be2 Bh3 $6 (9... Bxe2 10. Qxe2 exd3 11. Qxd3 Qa6 $13) 10. cxd5 (10. dxe4 dxe4 $2 (10... Nxe4 $14) 11. g4 $16) 10... cxd5 (10... exd3 {distracting the bishop from supporting the pawn advance g3-g4} 11. Bxd3 O-O $11) 11. Qa4+ (11. a3 Bd6 (11... Bxc3 12. Bxc3 Bd7 $16) 12. g4 $16) 11... Nbd7 $6 (11... Bd7) 12. Nxe4 $1 Bxd2+ 13. Nxd2 O-O 14. Qb3 Qc7 15. g4 $6 (15. Bf1 $16) 15... Bxg4 $11 16. Bxg4 Nxg4 17. Qxd5 Nde5 18. Ke2 $6 {a decent try - White's king looks as safe in the center as it is on the kingside.} ({Stockfish suggests} 18. O-O {and says White is equal in spite of White missing the g-pawn from the King's protective cover.} Nxd3 19. N2f3) 18... Rad8 $1 19. Qb3 (19. Qg2 Qb6 $17) 19... Rfe8 (19... Rxd4 20. exd4 Nc6 21. Nf3 Re8+ 22. Kf1 Qf4 23. Kg2 Re2 24. Raf1 Ne3+) 20. h3 Rxd4 $1 21. hxg4 (21. exd4 Nxd3+ 22. Kxd3 Nxf2#) 21... Rxd3 22. Qb5 Rxd2+ 23. Kxd2 Nf3+ 24. Ke2 (24. Kd1 Qd6+ 25. Kc2 Rc8+ 26. Kb3 (26. Kb1 Nd2#) 26... Nd2+ 27. Ka4 Rc6 28. Rac1 Ra6+ 29. Qxa6 Qxa6+) 24... Nd4+ 0-1

[Event "Oregon Junior Closed (Challengers)"]
[Site "Portland, OR"]
[Date "2025.12.07"]
[Round "4"]
[White "Adebolu, Ademidun"]
[Black "Bimod, Karthik"]
[Result "0-1"]
[Annotator "Wilson Gibbins"]
[WhiteElo "1749"]
[BlackElo "1999"]
[WhiteFideId "-1"]
[BlackFideId "-1"]
[PlyCount "174"]
[GameId "2252595578522945"]
[EventDate "2025.12.05"]
[EventType "tourn"]
[EventRounds "5"]
[EventCountry "USA"]
[SourceVersionDate "2026.01.27"]

{[%evp 0,174,15,0,19,9,34,-8,12,10,6,12,38,14,37,98,27,14,11,21,34,57,75,28,105,-1,73,55,-20,7,215,22,46,31,22,-40,31,40,33,-81,30,1,-22,-105,-80,-114,-93,-97,-115,-95,-98,-83,-65,-176,-188,-103,-179,-189,-126,38,-98,-142,-103,-62,-107,-38,-66,-108,-18,-87,-91,-122,-185,-134,-139,-135,-151,-159,-276,-279,-152,-118,-179,-142,-182,-352,-147,-162,-164,-156,-178,-209,-89,-200,-62,-187,-202,-186,-232,-330,-232,-236,-1,-142,-149,-390,-374,-425,-398,-382,-383,-391,-236,-258,-254,-357,-348,-355,-358,-380,-400,-537,-508,-533,-523,-527,-487,-557,-537,-548,-369,-361,-366,-363,-364,-362,-362,-363,-380,-366,-368,-375,-378,-394,-380,-392,-426,-446,-427,-435,-433,-464,-501,-517,-461,-485,-537,-537,-547,-555,-555,-575,-575,-604,-589,-775,-690,-827,-837,-857,-908,-1012,-847,-1190,-1292,-857,-1085] Ademidum is 3-0 and Karthik is 2-1, so Karthik needs a win with Black. Luckily for Karthik someone created the ideal defense for his predicament - the King's Indian. I am addling lots of unfair puntuation to this game. It is extremely difficult to consitently make accuratre moves in King's Indian positions. The players are coming up with admirable ideas in spite of what Stockfish says.} 1. Nf3 Nf6 2. c4 g6 3. g3 Bg7 4. Bg2 O-O 5. O-O d6 6. d4 c5 7. Nc3 Nc6 8. d5 Na5 9. Nd2 Re8 ({I thought Black had to rescue his errant knight with} 9... a6 10. Rb1 Rb8) ({or start staking a claim in the center with} 9... e6) ({or} 9... e5 {But Stockfish says Karthik's choice is just as good as the main lines}) 10. a3 Ng4 $6 (10... Bd7 11. b4 $6 (11. Rb1 a6 12. b3 b5) (11. Qc2 Rc8 12. b3) 11... cxb4 12. axb4 Nxc4 13. Nxc4 Qc7 $13) 11. Qc2 $1 Ne5 12. b3 a6 13. h3 b5 14. cxb5 (14. f4 $1 Nd7 15. Bb2 $16) 14... axb5 15. Bb2 $11 Rb8 (15... Qb6) 16. f4 $1 $14 Nd7 17. b4 (17. Nce4 Bxb2 18. Qxb2 Nb6 19. Nc3 $14) 17... Nc4 (17... cxb4 18. axb4 Nc4) 18. Nxc4 bxc4 19. b5 $1 $16 Qa5 20. Rfb1 (20. a4 Nb6 21. Nd1 Bd4+ 22. Kh2 $16 (22. e3 $2 Bf5)) 20... Nb6 21. Nd1 $2 (21. a4 $11) (21. e4 $11) 21... Bxb2 22. Nxb2 c3 $1 23. Nd1 Na4 24. b6 Ba6 25. e4 Rb7 26. Rc1 Rxb6 27. Nxc3 Nxc3 28. Qxc3 Qxc3 29. Rxc3 Reb8 30. g4 h6 31. h4 Be2 32. g5 hxg5 33. hxg5 Rb1+ 34. Rc1 (34. Rxb1 Rxb1+ 35. Kf2 $11) 34... R1b3 (34... R1b2 35. a4 R8b3 36. a5 Kg7 37. a6 $2 Bxa6 38. Rxa6 Rg3) 35. Ra2 Bd3 $1 $19 {The game has gone back and forth up to here, but at this point Black siezes the advantage and never lets go.} 36. e5 Ra8 37. exd6 exd6 38. Rca1 Bb1 39. Re2 Raxa3 40. Rxa3 Rxa3 41. Re8+ Kg7 42. Rd8 Ra6 43. Rc8 Bd3 44. Rc6 Bb5 45. Rc7 Ra8 46. Bh3 Kf8 47. f5 gxf5 48. Bxf5 Re8 49. g6 fxg6 50. Bxg6 Re5 51. Rf7+ Kg8 52. Rf6 Kg7 53. Rxd6 Rg5+ 54. Kf2 Rxg6 55. Rd8 Kf7 56. Rc8 c4 57. Ke3 Rg4 58. Rc5 Ba4 59. Rc7+ Kf6 60. Ra7 Bb3 61. Ra6+ Ke5 62. d6 Rg7 63. Ra5+ Kxd6 64. Kd4 Rg4+ 65. Kc3 Kc6 66. Rh5 Rg6 67. Kb4 Rd6 68. Rc5+ Kd7 69. Rh5 Rf6 70. Rd5+ Ke6 71. Rd8 Ke5 72. Rd2 Ke4 73. Rd8 Rf5 74. Kc3 Rf3+ 75. Kb4 Rd3 76. Re8+ Kf3 77. Re7 Re3 78. Rh7 Ke2 79. Rh2+ Kd3 80. Rh7 Re2 81. Rh3+ Kc2 82. Ka3 Rd2 83. Rc3+ Kb1 84. Rh3 Rd3 85. Rh8 Ba2+ 86. Kb4 c3 87. Rh1+ Kb2 0-1

[Event "Oregon Junior Closed (Championship)"]
[Site "Portland, OR"]
[Date "2025.12.07"]
[Round "4"]
[White "Gupta, Saahil"]
[Black "Nobles, William"]
[Result "1-0"]
[Annotator "Wilson Gibbins"]
[WhiteElo "1970"]
[BlackElo "1967"]
[WhiteFideId "-1"]
[BlackFideId "-1"]
[PlyCount "159"]
[GameId "2252590067342640"]
[EventDate "2025.12.05"]
[EventType "tourn"]
[EventRounds "5"]
[EventCountry "USA"]
[SourceVersionDate "2026.01.27"]

{Saahil gets a smooth positional win. Kids today - where are the gambits of yesteryore?} 1. c4 Nf6 2. Nf3 e6 3. g3 d5 4. Bg2 dxc4 5. Qa4+ Nbd7 6. Qxc4 a6 7. Qc2 Be7 8. O-O O-O 9. d4 c5 10. Nc3 cxd4 11. Nxd4 Bc5 12. Nb3 Ba7 13. Ne4 Nxe4 14. Bxe4 Nf6 15. Bg2 Qe7 16. Bd2 e5 17. a3 Re8 18. Bb4 Qe6 19. Rad1 e4 20. Rd6 Qe5 21. Rfd1 Qh5 (21... Bg4) 22. Bc5 Bxc5 23. Nxc5 Bf5 24. e3 $11 Rac8 25. b4 Bh3 26. Qd2 Ng4 $6 (26... Bxg2 27. Kxg2 Qf3+ 28. Kg1 h5 29. h4 $11) 27. Qd5 $1 g5 28. Bxh3 Qxh3 29. Qxg5+ Kh8 30. Qh4 Qxh4 31. gxh4 Ne5 32. Kf1 Nf3 33. Ke2 Nxh4 34. Nxb7 Nf3 35. Nc5 Nxh2 36. Rxa6 Ng4 37. Ra7 Ne5 38. Rb7 f5 39. Rh1 Rcd8 40. Rbxh7+ Kg8 41. Rh8+ Kf7 42. Rxe8 Rxe8 43. Rd1 Rh8 44. Rd5 Kf6 45. Nd7+ {drops the a-pawn but avoids complications and simplifies into a clearly winning rook ending.} Nxd7 46. Rxd7 Ra8 47. Rd2 Rxa3 48. Rb2 {With the rook behind the passed pawn, the win is straightforward.} Ra6 49. b5 Rb6 50. Kd2 Ke5 51. Kc3 Kd6 52. Kc4 Kc7 53. Kd5 Rf6 54. Rc2+ Kb7 55. Rc6 Rf8 56. Ke5 Ra8 57. Rf6 Ra5 58. Kxf5 Rxb5+ 59. Kxe4 Kc7 60. Re6 Kd7 61. Re5 Rb6 62. Kf5 Rb8 63. f4 Rf8+ 64. Ke4 Kd6 65. Rh5 Ke6 66. Rh6+ Ke7 67. Ke5 Rg8 68. Rh7+ Ke8 69. f5 Rg3 70. e4 Ra3 71. f6 Kf8 72. Kf5 Rf3+ 73. Ke6 Kg8 74. Rd7 Rf4 75. e5 Rf1 76. Rd8+ Kh7 77. Ke7 Rf5 78. e6 Ra5 79. f7 Ra7+ 80. Rd7 1-0

[Event "Oregon Junior Closed (Championship)"]
[Site "Portland, OR"]
[Date "2025.12.07"]
[Round "5"]
[White "Nobles, William"]
[Black "Tang, Austin"]
[Result "0-1"]
[Annotator "Wilson Gibbins"]
[WhiteElo "1967"]
[BlackElo "2172"]
[WhiteFideId "-1"]
[BlackFideId "-1"]
[PlyCount "66"]
[GameId "2254016486312655"]
[EventDate "2025.12.05"]
[EventType "tourn"]
[EventRounds "5"]
[EventCountry "USA"]
[SourceVersionDate "2026.01.27"]

{[%evp 0,66,22,4,6,2,6,0,9,9,13,6,5,-14,9,45,2,-6,-83,-25,-31,-47,-50,-66,-64,-74,-12,39,-88,-78,-57,-66,68,-6,-10,125,10,23,55,114,44,23,25,-79,-119,-101,2,-128,-156,-130,-96,-45,-94,-103,-91,-192,-183,-313,-314,-269,-264,-301,-267,-323,-370,-371,-288,-919,-731] Will used to play 1.e4, but has gone to 1.c4 for this tournament. Austin probably would have preferred a Sicilian in a must-win round, but has plenty of experience with 1.c4 e5. Austin is still 1/2 point behind Hayul.} 1. c4 e5 2. Nc3 Nf6 3. g3 Bb4 4. Bg2 O-O 5. d3 c6 6. Nf3 Re8 (6... d5 7. Nxe5 $2 d4) 7. O-O h6 8. a3 Bf8 (8... Bxc3 9. bxc3 d5 10. cxd5 cxd5 11. c4 dxc4 12. dxc4 Qc7) 9. b4 (9. e4) 9... d5 10. cxd5 cxd5 11. e4 a5 (11... d4 12. Nd5 Nxd5 13. exd5 Bg4 (13... Qxd5 14. Re1 Qd6 $44)) 12. Rb1 Na6 13. b5 $2 (13. Nxd5 Nxd5 14. exd5 axb4 15. axb4 Nxb4 16. Bb2 $13) 13... Nc5 14. Qc2 g6 (14... d4 15. Na4 Nxa4 16. Qxa4 Nd7 $17) 15. Nd2 dxe4 (15... d4) 16. Ndxe4 Nfxe4 17. dxe4 Be6 $11 18. Rd1 Qf6 19. Nd5 Bxd5 20. Rxd5 Rac8 21. f4 exf4 22. Bb2 $1 $44 Qe7 23. Bh3 (23. Qc3 f6 24. e5 fxe5 25. Rxe5 Qxe5 26. Qxe5 Rxe5 27. Bxe5 fxg3 28. Bxg3 {And Stockfish claims equality}) 23... Ne6 $1 24. Qd3 fxg3 25. hxg3 Bg7 (25... Rcd8) 26. Bxg7 Kxg7 27. Rd7 $2 {tempting, but} (27. Rf1 $13) 27... Qc5+ $1 $19 28. Kh1 Qh5 29. g4 Qe5 30. Rf1 Nf4 31. Qf3 g5 32. Bg2 Qxb5 33. e5 $2 Qxd7 0-1

[Event "Oregon Junior Closed (Championship)"]
[Site "Portland, OR"]
[Date "2025.12.07"]
[Round "5"]
[White "Gupta, Saahil"]
[Black "Lim, Hayul"]
[Result "1-0"]
[Annotator "Wilson Gibbins"]
[WhiteElo "1970"]
[BlackElo "2064"]
[WhiteFideId "-1"]
[BlackFideId "-1"]
[PlyCount "129"]
[GameId "2253988614941642"]
[EventDate "2025.12.05"]
[EventType "tourn"]
[EventRounds "5"]
[EventCountry "USA"]
[SourceVersionDate "2026.01.27"]

{[%evp 0,12,21,37,14,20,25,37,39,23,39,41,92,-152,79]} 1. d4 Nf6 2. Nf3 c5 3. d5 b5 4. Bg5 b4 5. a3 bxa3 6. Rxa3 d6 7. Bxf6 (7. e4 $5 Nxe4 8. Bb5+ Bd7 9. Bd3 Nf6 10. O-O {and Stockfish says +2.}) (7. Nc3) 7... exf6 8. e4 g6 9. Bb5+ Bd7 10. Qe2 (10. Bd3 $5) 10... Bg7 11. O-O O-O 12. Bxd7 Nxd7 13. Nc3 Qe7 14. Qd3 Nb6 (14... Rfb8 $11) 15. Nd2 Rfb8 16. b3 Rb7 17. Nd1 a5 18. Nc3 (18. Ne3 $14) 18... f5 19. exf5 gxf5 (19... Qe5 $11) 20. Na4 $16 {Whate grabs a clear advantage and never relinquishes it.} Nxa4 21. Rxa4 Qd7 22. Nc4 Rbb8 23. Ne3 Rb4 24. Nxf5 Rxa4 25. bxa4 Re8 26. Nxg7 Kxg7 27. Qc3+ Kg8 28. Qxa5 Qf5 29. Qb5 Kf8 30. Qb3 Re2 31. c4 Qc2 32. Qb8+ Kg7 33. Qxd6 Qxc4 34. Qc6 Rd2 35. d6 Qd5 36. Qxd5 Rxd5 37. g3 Rxd6 38. Rc1 Rd4 39. a5 c4 40. a6 Rd6 41. Ra1 Rd8 42. a7 Ra8 43. Kf1 {Not all rook endings are drawn.} Kf6 44. Ra5 Ke6 45. Ke2 Kd6 46. Kd2 Kc6 47. Kc3 Kb6 48. Ra2 Kb5 49. g4 Kc5 50. h4 f6 51. f4 Kd5 52. g5 Ke6 53. Ra5 fxg5 54. hxg5 Kf7 55. Ra6 Kg7 56. Kxc4 Kf7 57. Kb5 Kg7 58. Kb6 h6 59. gxh6+ Kh7 60. Kb7 Re8 61. a8=Q Re7+ 62. Kc6 Re6+ 63. Kb7 Re7+ 64. Kb8 Re8+ 65. Ka7 1-0

[Event "Oregon Junior Closed (Challengers)"]
[Site "Portland, OR"]
[Date "2025.12.07"]
[Round "5"]
[White "Bimod, Karthik"]
[Black "Plaunty, Jiro"]
[Result "1-0"]
[Annotator "Wilson Gibbins"]
[WhiteElo "1999"]
[BlackElo "1755"]
[WhiteFideId "-1"]
[BlackFideId "-1"]
[PlyCount "44"]
[GameId "2252618442549967"]
[EventDate "2025.12.05"]
[EventType "tourn"]
[EventRounds "5"]
[EventCountry "USA"]
[SourceVersionDate "2026.01.27"]

{[%evp 0,44,48,28,29,1,36,27,38,36,29,33,35,10,20,10,10,20,31,-20,35,28,28,26,34,9,32,4,-23,3,-6,-6,0,0,8,26,22,28,12,-16,4,31,86,94,151,169,285] Karthik wins quickly in round 5 to claim a share of the challengers championship.} 1. d4 Nf6 2. c4 g6 3. Nc3 Bg7 4. e4 d6 5. Be2 O-O 6. Bg5 h6 7. Be3 e5 8. d5 a5 9. g4 Kh7 10. h4 Nfd7 11. Nf3 Na6 12. Nd2 {Black has made normal King's Indian moves, yet White has obtained a clear advantage. But there will be a little King's Indian Chaos(tm) before the dust settles.} Ndc5 13. Nf1 ({after} 13. h5 g5 {White's king will be perfectly safe castling kingside.} 14. O-O) 13... f5 {Black is riskily opening lines towards his own king, but he must play this move to create complications. If moves like this look foolheardy to you, consider taking up the Queen's Gambit Declined.} 14. gxf5 gxf5 15. exf5 Bxf5 16. Ng3 Qf6 17. Qd2 Nb4 18. Bxc5 $1 dxc5 19. Nge4 Bxe4 20. Nxe4 Qf5 21. f3 $1 $18 {White has an overwhelming advantage. He can castle long and build up an attack on Blacks King.} h5 $2 {Black's Bishop on g7 is the worst piece on the board, so he finds a way to activate it on h6. However...} 22. a3 $1 Bh6 {Not sure if White actually played 24.Ng5+! or Black saw it and resigned before he played it.} (22... Na6 {still loses. One line is} 23. Rg1 Qf4 24. Qxf4 exf4 25. Ng5+ Kh8 26. Ne6 Bxb2 27. Rb1 Bc3+ 28. Kf1 Rg8 29. Rxb7 {and Black's weak pawns start to fall.}) 1-0

[Event "Oregon Junior Closed (Challengers)"]
[Site "Portland, OR"]
[Date "2025.12.07"]
[Round "5"]
[White "Adebolu, Ademidun"]
[Black "Bayrambeyli, Emel"]
[Result "1-0"]
[Annotator "Wilson Gibbins"]
[WhiteElo "1749"]
[BlackElo "1866"]
[WhiteFideId "-1"]
[BlackFideId "-1"]
[PlyCount "141"]
[GameId "2253988706245612"]
[EventDate "2025.12.05"]
[EventType "tourn"]
[EventRounds "5"]
[EventCountry "USA"]
[SourceVersionDate "2026.01.27"]

{[%evp 0,141,25,26,21,13,23,6,14,23,26,8,14,32,28,14,40,24,42,-39,30,14,32,28,55,53,80,81,84,69,78,75,105,37,77,92,-19,27,-36,10,18,-22,-16,-35,-25,-22,-16,-16,-112,-32,0,-16,-23,-79,-93,1,-66,-66,-97,-79,-91,-111,-37,-253,-49,-187,-84,-97,-43,-49,-1,148,51,52,55,50,154,-6,122,151,528,451,604,547,613,496,302,352,482,471,369,514,396,540,343,532,582,598,601,535,594,535,609,581,615,630,614,445,383,335,411,410,547,441,618,745,791,794,813,687,792,495,619,472,640,516,681,489,694,547,667,657,797,1002,1160,1228,1432,1672,29985,29986,29991,29992,29995,29996] Ademidum also wins round 5 to claim a share of the Championship.} 1. Nf3 Nf6 2. c4 e6 3. g3 d5 4. d4 Be7 5. Bg2 O-O 6. O-O dxc4 7. Qc2 Bd7 8. Qxc4 Bc6 9. Nc3 a6 10. Bg5 b5 11. Qd3 b4 (11... Nbd7) 12. Bxf6 Bxf6 13. Ne4 Be7 14. Rac1 Bb5 15. Qc2 c6 16. Rfd1 Nd7 17. Ne5 Rc8 18. Nc5 Nxc5 19. dxc5 Qc7 20. f4 Rfd8 21. a4 bxa3 22. bxa3 Qa5 23. Rxd8+ Bxd8 24. Qb3 Be7 25. Qe3 Bf6 26. Nc4 Bxc4 27. Rxc4 Qe1+ 28. Bf1 Rd8 29. Rc1 Qa5 30. Kg2 Bd4 (30... g6) 31. Qe4 Rd5 32. f5 e5 33. f6 Qd8 34. fxg7 Qf6 (34... Qg5 35. Rc2 $11) 35. e3 Bxc5 (35... Qh6) 36. Bd3 Qxg7 37. Rf1 Be7 (37... Rd6) 38. Bc4 Rd2+ 39. Kh1 Bf6 40. Qxc6 Qh6 41. Qe8+ Qf8 42. Bxf7+ Kg7 43. Qxf8+ Kxf8 44. Rxf6 Ke7 45. Rf1 Rd3 46. Bc4 Rxe3 47. Rf7+ Kd6 48. Rxh7 Rxa3 49. Rh6+ Kc5 50. Bxa6 e4 51. Kg2 Ra2+ 52. Kf1 Kd4 53. g4 Ke3 54. Rh3+ Kf4 55. Be2 Ra1+ 56. Kf2 Rh1 57. Bf1 e3+ 58. Kg2 e2 59. Bxe2 Ra1 60. Rf3+ Kg5 61. Rf5+ Kg6 62. Bf3 Ra3 63. Kg3 Ra7 64. h4 Kg7 65. h5 Kh6 66. g5+ Kg7 67. Rf4 Ra5 68. Kg4 Kh7 69. Be4+ Kh8 70. h6 Ra8 71. Bxa8 1-0

[Event "2025 Washington Challenger's Cup"]
[Site "Bellevue, WA"]
[Date "2025.10.12"]
[Round "5.1"]
[White "Ravuri, Vinesh"]
[Black "Jammalamadaka, Vihaan"]
[Result "1-0"]
[Annotator "Ralph Dubisch"]
[WhiteElo "2333"]
[BlackElo "2164"]
[WhiteFideId "-1"]
[BlackFideId "-1"]
[PlyCount "58"]
[GameId "2232263905628160"]
[EventDate "2025.10.11"]
[EventType "swiss"]
[EventRounds "5"]
[EventCountry "USA"]
[SourceVersionDate "2026.01.27"]
[TimeControl "90+30"]

{[%evp 0,58,25,19,18,24,39,14,24,7,16,15,9,-3,8,16,14,22,34,0,-2,-11,18,24,25,-26,0,0,0,16,26,32,74,75,60,188,190,185,181,156,168,174,252,200,312,272,311,309,308,299,266,292,358,383,794,421,783,828,1358,1441,29995]} 1. Nf3 Nf6 2. d4 g6 3. g3 Bg7 4. Bg2 O-O 5. O-O d5 6. c4 {My pgn software calls this "King's Indian: fianchetto (without c4)." This seems a bit ironic, considering White's sixth move. It looks more like a Gruenfeld to me, though as with many queen-side openings, transpositions abound.} dxc4 {Queen's Gambit Accepted?} 7. Na3 c3 8. bxc3 c5 9. Bb2 ({Still in known territory, but committing the bishop to this blocked-up diagonal seems premature to me.} 9. e3 Nc6 10. Qe2 Bf5 11. Rd1 {seems most played here, though the bishop very well may end up on b2 eventually.}) ({I'd be interested to see} 9. Qb3 Nc6 10. Rd1 Na5 11. Qb2 {, evaluated as equal by Stockfish, but showing a considerable plus for White in practical human results.}) 9... Nc6 10. Re1 ({The engine approves. The only theory in my small database is} 10. e3 Bf5 11. Qe2 e5 {, when Black is doing fine.}) 10... cxd4 11. cxd4 Ne4 12. Nh4 ({Maybe just a little decentralizing. I'd probably prefer completing development while essentially guaranteeing the central pawn duo:} 12. Qc2 $5 Nd6 (12... Bf5 $2 13. g4 $1 {wins material.}) (12... f5 $6 13. Qb3+ e6 (13... Kh8 14. d5 $16) 14. Nc4 $14) 13. e4 $14 ({or} 13. Rad1 $14)) 12... f5 (12... Nd6 $13 {is solid, complex, and interesting.}) 13. Qb3+ e6 14. Red1 (14. Rad1 {seems natural. White prefers the d- and c-files for the rooks.}) 14... Kh8 $6 (14... b5 $5 $13 15. Rac1 Qb6) 15. Rac1 Qd5 16. Nc4 b6 17. f3 {[%emt 0:00:00]} Nf6 18. e4 Qd8 (18... fxe4 19. fxe4 $16 Nxe4 $4 20. Qe3 $18) 19. Ne5 Na5 20. Qe3 Nh5 $6 (20... Kg8 $16 {, while not good for Black, reduces the impact of some of the tactics aimed at g6.}) 21. Ba3 (21. exf5 exf5 22. f4 Rb8 23. d5 {looks dominating.}) 21... Rf6 ({Trying to save the f8-rook seems a lost cause; one reason is the white bishop has become a much better piece than the rook.} 21... f4 22. Qe1 Qe8 23. Bxf8 Bxf8 24. Bh3 Ba3 {doesn't really offer enough compensation for the material, and White remains positionally better as well, but it's arguably better than the game continuation.}) 22. g4 f4 23. Qe1 g5 24. gxh5 gxh4 (24... Qe8 25. Rc7 Qxh5 26. Bh3 Qxh4 27. Qxh4 gxh4 28. Kh1 $18 {, with a fun attack along seventh rank, g-file, and diagonals.} (28. Be7 {is also a direct path to win material without much diminishing the attack.})) 25. Qxh4 Ba6 26. d5 exd5 27. Rxd5 Qe8 28. Rc7 h6 29. Rxg7 Z0 (29... Kxg7 30. Rd7+ {wins the house.}) 1-0